000 00631nam a2200205Ia 4500
005 20260601193245.0
008 260601s9999||||xx |||||||||||||| ||und||
020 _a978-981-97-4182-3
_qebk
100 _aYan Pei
245 0 _aProceedings of Innovative Computing 2024, Vol. 4
250 _a2024
260 _aHeidelberg, Germany
_bSpringer Nature
_c2024
440 _aLecture Notes in Electrical Engineering
650 _aComputer Science
700 _aHao Shang Ma
700 _aHwa-Young Jeong
700 _aYu-Wei Chan
856 _uhttps://link.springer.com/openurl?genre=book&isbn=978-981-97-4182-3
942 _cEB
_2ddc
999 _c56537
_d56537